000 00572 a2200157 4500
005 20190902112128.0
008 190530b1990 cu ||||| |||| 00| 0 spa d
040 _aCO-BoUCM
_bspa
_cJuan Jose Mateus
_dJuan Jose Mateus
041 0 _aspa
100 1 0 _aValdés García, Orlando
_996677
245 1 3 _aLa socialización de la tierra en Cuba
_cOrlando Valdés García
260 _bEditorial ciencias sociales
_c1990
_aLa Habana, Cuba
650 7 _923278
_aReforma agraria
_zCuba
942 _cLIBRO
_2DEWEY
_a7
_e1
_h333.317291
_mV148s
999 _c312791
_d312791